| 000 | 00805cab a2200277 4500 | ||
|---|---|---|---|
| 001 | ABS54455 | ||
| 008 | 090401t1996 xxu||||| |||| 00| 0 eng d | ||
| 035 | _a(Sirsi) u10456 | ||
| 041 | _aeng | ||
| 100 | _aPuplett, P. | ||
| 245 | _aLet`s sort out the PFI jam ... | ||
| 260 | _c1996 | ||
| 350 | _a0 | ||
| 490 |
_aContract Journal _v382(6058) 18 January 1996, 22-23(2) |
||
| 520 | _aArgues that PFI schemes should be pilot-tested first on a small scale before launching major roadbuilding projects. | ||
| 650 | _aINFRASTRUCTURE PROJECTS | ||
| 650 | _aPFI | ||
| 650 | _aPILOT SCHEME | ||
| 650 | _aPRIVATE FINANCE | ||
| 650 | _aROAD LINK CONSORTIUM | ||
| 650 | _aROADBUILDING | ||
| 690 | _aBUILT ENVIRONMENT | ||
| 690 | _aTRANSPORT AND COMMUNICATIONS | ||
| 942 | _n0 | ||
| 948 | _c04/03/1997 | ||
| 999 |
_c6598 _d6598 |
||